Antiproliferative Activity of (-)-Isopulegol-based 1,3-Oxazine, 1,3-Thiazine and 2,4-Diaminopyrimidine Derivative

Elmentve itt :
Bibliográfiai részletek
Szerzők: Bamou Zahra Fatima
Le Minh Tam
Tayeb Bizhar Ahmed
Tahaei Seyyed Ashkan Senobar
Minorics Renáta
Zupkó István
Szakonyi Zsolt
Dokumentumtípus: Cikk
Megjelent: 2022
Sorozat:CHEMISTRYOPEN 11 No. 10
Tárgyszavak:
doi:10.1002/open.202200169

mtmt:33128234
Online Access:http://publicatio.bibl.u-szeged.hu/25291
LEADER 00972nab a2200277 i 4500
001 publ25291
005 20231117150346.0
008 221007s2022 hu o 0|| Angol d
022 |a 2191-1363 
024 7 |a 10.1002/open.202200169  |2 doi 
024 7 |a 33128234  |2 mtmt 
040 |a SZTE Publicatio Repozitórium  |b hun 
041 |a Angol 
100 2 |a Bamou Zahra Fatima 
245 1 0 |a Antiproliferative Activity of (-)-Isopulegol-based 1,3-Oxazine, 1,3-Thiazine and 2,4-Diaminopyrimidine Derivative  |h [elektronikus dokumentum] /  |c  Bamou Zahra Fatima 
260 |c 2022 
300 |a 11 
490 0 |a CHEMISTRYOPEN  |v 11 No. 10 
650 4 |a Általános orvostudomány 
700 0 2 |a Le Minh Tam  |e aut 
700 0 2 |a Tayeb Bizhar Ahmed  |e aut 
700 0 2 |a Tahaei Seyyed Ashkan Senobar  |e aut 
700 0 2 |a Minorics Renáta  |e aut 
700 0 2 |a Zupkó István  |e aut 
700 0 2 |a Szakonyi Zsolt  |e aut 
856 4 0 |u http://publicatio.bibl.u-szeged.hu/25291/3/33128234.pdf  |z Dokumentum-elérés